[Event "AUTO-OPEN-4604"]
[Site "http://www.queenalice.com/game.php?id=1860304"]
[Date "2025.7.20"]
[Round "1"]
[White "IranSilva"]
[Black "alvm"]
[Result "1-0"]
[WhiteElo "2250"]
[BlackElo "2197"]

1. Nf3 Nf6 2. g3 b6 3. Bg2 Bb7 4. O-O g6 5. d4 Bg7 6. c4 O-O 7. Nc3 e6 8. Qc2
Nc6 9. Bg5 h6 10. Be3 d6 11. Qd2 Kh7 12. h4 Ng4 13. Rad1 e5 14. d5 Ne7 15. Nh2
Nxe3 16. Qxe3 Nf5 17. Qe4 Nd4 18. h5 c6 19. hxg6+ fxg6 20. e3 Nf5 21. dxc6 Ba6
22. b3 Rc8 23. b4 Rc7 24. b5 Bc8 25. Nd5 Rcf7 26. a4 Ne7 27. Qc2 Bf5 28. Be4
Nxd5 29. cxd5 Qg5 30. Bxf5 Rxf5 31. Kg2 h5 32. e4 R5f7 33. Qd2 Qe7 34. a5 Bh6
35. Qc3 h4 36. axb6 axb6 37. Ra1 hxg3 38. fxg3 Rxf1 39. Rxf1 Ra8 40. Ra1 Rxa1
41. Qxa1 Qg5 42. Qa7+ Bg7 43. Qxb6 Qd2+ 44. Qf2 Qc3 45. b6 Qb4 46. Nf3 Qxe4 47.
Qb2 Qc4 48. Ng5+ Kh6 49. Qd2 Kh5 50. b7 Qb3 51. Ne6 Bf6 52. Kh3 g5 53. Qe2+ Kh6
54. Qe4 Qb5 55. Nf8 Qf1+ 56. Kg4 Qd1+ 57. Kf5 Bg7 58. Nd7 Qh5 59. Ke6 Qe8+ 60.
Kxd6 Qd8 61. Qf5 e4 62. b8=Q Qxb8+ 63. Nxb8 1-0

[Event "AUTO-OPEN-4609"]
[Site "http://www.queenalice.com/game.php?id=1861511"]
[Date "2025.8.12"]
[Round "1"]
[White "alvm"]
[Black "MarcosT"]
[Result "1-0"]
[WhiteElo "2226"]
[BlackElo "2125"]

1. d4 d5 2. c4 c6 3. Nc3 e6 4. cxd5 cxd5 5. Nf3 Nc6 6. Bf4 Be7 7. e3 a6 8. Bd3
f5 9. O-O Nf6 10. Rc1 Ne4 11. Ne5 O-O 12. Nxc6 bxc6 13. f3 Nxc3 14. Rxc3 Bb7 15.
Bb1 Rc8 16. e4 Bb4 17. Rc1 fxe4 18. fxe4 Qh4 19. Bg3 Rxf1+ 20. Qxf1 Qe7 21. exd5
Rf8 22. Qd3 g6 23. dxc6 Qg5 24. Rd1 Bxc6 25. a3 Bb5 26. Qe4 Qf6 27. h3 Ba5 28.
Ba2 Re8 29. d5 Bb6+ 30. Kh2 Bd7 31. dxe6 Bxe6 32. Rd6 Bc7 33. Rxe6 1-0

[Event "AUTO-OPEN-4609"]
[Site "http://www.queenalice.com/game.php?id=1861512"]
[Date "2025.8.12"]
[Round "1"]
[White "MarcosT"]
[Black "alvm"]
[Result "1-0"]
[WhiteElo "2129"]
[BlackElo "2231"]

1. d4 Nf6 2. e3 c5 3. c3 cxd4 4. cxd4 d5 5. Bd3 Nc6 6. f4 Bg4 7. Nf3 e6 8. O-O
Bd6 9. Nbd2 O-O 10. a3 Rc8 11. Qe1 Qb6 12. Ne5 Bxe5 13. fxe5 Ne4 14. Nxe4 dxe4
15. Bxe4 Bh5 16. Qh4 Bg6 17. Bxg6 hxg6 18. Rf3 Rfd8 19. Rh3 Kf8 20. Qg5 Kg8 21.
Qh4 Kf8 22. Qh8+ Ke7 23. Qxg7 Rf8 24. e4 Qxd4+ 25. Be3 Qxe5 26. Qh6 Nd4 27. Bg5+
Ke8 28. Re1 Rc2 29. Bf4 Qa5 30. Rhe3 Qd2 31. Qg5 Qf2+ 32. Kh1 Rxb2 33. Bd6 f6
34. Qxg6+ Kd7 35. Bxf8 Nc2 36. Rd1+ Kc6 37. Qe8+ Kb6 38. Qxe6+ Kb5 39. Rd5+ Kc4
40. Qc8# 1-0

[Event "AUTO-OPEN-4609"]
[Site "http://www.queenalice.com/game.php?id=1861513"]
[Date "2025.8.12"]
[Round "1"]
[White "alvm"]
[Black "SGF"]
[Result "1-0"]
[WhiteElo "2204"]
[BlackElo "1813"]

1. d4 e6 2. c4 Qf6 3. Nf3 Be7 4. e4 Bb4+ 5. Bd2 a5 6. Bd3 Ne7 7. O-O Bd6 8. e5
Bxe5 9. dxe5 Qxf3 10. Qxf3 Nbc6 11. Re1 Nd4 12. Qg4 g6 13. Qxd4 Nc6 14. Qh4 O-O
15. Nc3 Nb4 16. Bb1 c6 17. Ne4 b5 18. Nf6+ Kg7 19. Qxh7# 1-0

[Event "AUTO-OPEN-4609"]
[Site "http://www.queenalice.com/game.php?id=1861514"]
[Date "2025.8.12"]
[Round "1"]
[White "SGF"]
[Black "alvm"]
[Result "0-1"]
[WhiteElo "1860"]
[BlackElo "2202"]

1. e4 c6 2. Qf3 d5 3. d3 Nf6 4. Be2 dxe4 5. dxe4 e5 6. Bg5 Be7 7. Qg3 Nxe4 8.
Bxe7 Nxg3 9. Bxd8 Nxh1 10. Bh4 Bf5 11. c4 O-O 12. Bf3 e4 13. Be2 Nd7 14. f3 Ne5
15. fxe4 Bxe4 16. Nd2 Bxg2 17. Ngf3 Rfe8 18. Nxe5 Rxe5 19. Bg3 Re6 20. Kd1 Nxg3
21. hxg3 Rd8 22. b4 Red6 23. a4 Rxd2+ 24. Ke1 Rb2 25. b5 Re8 26. Kd1 Rexe2 27.
bxc6 Rf2 28. Ke1 Rf1# 0-1

[Event "AUTO-MASTER-3277"]
[Site "http://www.queenalice.com/game.php?id=1861629"]
[Date "2025.8.15"]
[Round "1"]
[White "alvm"]
[Black "jpribeiro"]
[Result "1-0"]
[WhiteElo "2189"]
[BlackElo "1666"]

1. d4 Nf6 2. c4 e6 3. Nf3 d5 4. Bg5 Be7 5. e3 O-O 6. Nc3 c6 7. Bd3 dxc4 8. Bxc4
b5 9. Bd3 b4 10. Ne2 Nd5 11. Bxe7 Qxe7 12. O-O Ba6 13. Bxa6 1-0

[Event "AUTO-MASTER-3277"]
[Site "http://www.queenalice.com/game.php?id=1861630"]
[Date "2025.8.15"]
[Round "1"]
[White "jpribeiro"]
[Black "alvm"]
[Result "0-1"]
[WhiteElo "1668"]
[BlackElo "2188"]

1. e4 c6 2. d4 d5 3. Nc3 dxe4 4. Nxe4 Bf5 5. Ng3 Bg6 6. h4 h6 7. Nf3 Nd7 8. h5
Bh7 9. Bd3 Bxd3 10. Qxd3 Ngf6 11. Bd2 e6 12. O-O-O Bd6 13. Ne4 Nxe4 14. Qxe4 Qb6
0-1

[Event "AUTO-MASTER-3277"]
[Site "http://www.queenalice.com/game.php?id=1861631"]
[Date "2025.8.15"]
[Round "1"]
[White "alvm"]
[Black "chessman"]
[Result "0-1"]
[WhiteElo "2225"]
[BlackElo "2063"]

1. d4 d5 2. c4 c6 3. Nc3 e6 4. cxd5 exd5 5. Nf3 Nf6 6. Bg5 Be7 7. e3 O-O 8. Bd3
a6 9. O-O Bg4 10. h3 Bh5 11. g4 Nxg4 12. Bxe7 Qxe7 13. hxg4 Bxg4 14. Be2 Nd7 15.
Nh2 Bh3 16. Kh1 Bxf1 17. Qxf1 f5 18. Qg2 f4 19. exf4 Rxf4 20. Rd1 Raf8 21. Rf1
Rxd4 22. Bf3 Nc5 23. Rg1 Rh4 24. a3 Nd3 25. Bxd5+ Kh8 26. Bf3 Qf7 27. Ne2 Qxf3
28. Qxf3 Rxf3 29. Kg2 Rxf2+ 30. Kg3 Rhxh2 31. Nc3 h5 32. Ne4 h4+ 33. Kg4 Rfg2+
34. Rxg2 Rxg2+ 35. Kxh4 Rxb2 0-1

[Event "AUTO-MASTER-3277"]
[Site "http://www.queenalice.com/game.php?id=1861632"]
[Date "2025.8.15"]
[Round "1"]
[White "chessman"]
[Black "alvm"]
[Result "1-0"]
[WhiteElo "1959"]
[BlackElo "2226"]

1. e4 c6 2. d4 d5 3. Nc3 dxe4 4. Nxe4 Bf5 5. Ng3 Bg6 6. Nf3 Nd7 7. Bd3 Bxd3 8.
Qxd3 Ngf6 9. O-O e6 10. Re1 Bd6 11. Nf5 Bf8 12. Ng5 g6 13. Ng3 Bg7 14. Nxe6 fxe6
15. Rxe6+ Kf8 16. Bg5 Rc8 17. Rae1 c5 18. dxc5 Rxc5 19. Qd6+ Kg8 20. Bxf6 Bxf6
21. Re8+ 1-0

[Event "AUTO-MASTER-3277"]
[Site "http://www.queenalice.com/game.php?id=1861633"]
[Date "2025.8.15"]
[Round "1"]
[White "alvm"]
[Black "lat47"]
[Result "1-0"]
[WhiteElo "2187"]
[BlackElo "1935"]

1. d4 Nf6 2. c4 h6 3. Nc3 a6 4. e4 d6 5. Bd3 e5 6. Nge2 exd4 7. Nxd4 Be7 8. O-O
O-O 9. f3 c5 10. Nc2 Nc6 11. Ne3 Nd4 12. Ncd5 Nxd5 13. exd5 Qe8 14. b3 f5 15.
Bb2 Bg5 16. Nc2 Bf4 17. Nxd4 cxd4 18. Bxd4 Qh5 19. g3 Qg5 20. Kf2 Re8 21. gxf4
Qh4+ 22. Kg2 Bd7 23. Qd2 Re7 24. Rae1 Rf7 25. Bf2 g5 26. Bxh4 1-0

[Event "AUTO-MASTER-3277"]
[Site "http://www.queenalice.com/game.php?id=1861634"]
[Date "2025.8.15"]
[Round "1"]
[White "lat47"]
[Black "alvm"]
[Result "0-1"]
[WhiteElo "1953"]
[BlackElo "2208"]

1. d4 Nf6 2. Nc3 d5 3. e3 Bf5 4. Bd3 Bxd3 5. Qxd3 e6 6. a3 Be7 7. Nf3 O-O 8. Ne5
Nbd7 9. O-O c5 10. b4 cxb4 11. axb4 Bxb4 12. g4 Nxe5 13. dxe5 Nxg4 14. Na2 Qh4
15. Kg2 Qxh2+ 16. Kf3 Nxe5+ 0-1

[Event "AUTO-OPEN-4581"]
[Site "http://www.queenalice.com/game.php?id=1863144"]
[Date "2025.9.19"]
[Round "2"]
[White "alvm"]
[Black "johnew"]
[Result "1-0"]
[WhiteElo "2189"]
[BlackElo "2116"]

1. d4 Nf6 2. c4 e6 3. Nf3 Bb4+ 4. Bd2 Be7 5. Nc3 O-O 6. e4 d5 7. e5 Ne4 8. Bd3
Nxd2 9. Qxd2 c5 10. cxd5 cxd4 11. Nxd4 exd5 12. O-O Nc6 13. Nf3 Bg4 14. Qf4 Bxf3
15. gxf3 d4 16. Nb5 a6 17. Nd6 Bxd6 18. exd6 Qf6 19. Qxf6 gxf6 20. Kh1 Rfd8 21.
Rg1+ Kf8 22. Bxh7 Ke8 23. Rg8+ Kd7 24. Rg7 Rf8 25. Bg6 1-0

[Event "AUTO-OPEN-4581"]
[Site "http://www.queenalice.com/game.php?id=1863145"]
[Date "2025.9.19"]
[Round "2"]
[White "johnew"]
[Black "alvm"]
[Result "1-0"]
[WhiteElo "2191"]
[BlackElo "2191"]

1. e4 c6 2. d4 d5 3. Nd2 dxe4 4. Nxe4 Bf5 5. Ng3 Bg6 6. h4 h6 7. Nf3 Nd7 8. h5
Bh7 9. Bd3 Bxd3 10. Qxd3 Ngf6 11. Bf4 e6 12. O-O-O Be7 13. Ne5 Nd5 14. Bd2 Qc7
15. Nxf7 Kxf7 16. Qg6+ Kf8 17. Rde1 N7f6 18. Rxe6 Nf4 19. Bxf4 Qxf4+ 20. Kb1
Qxd4 21. Nf5 Qg4 22. Rxf6+ 1-0

[Event "AUTO-OPEN-4618"]
[Site "http://www.queenalice.com/game.php?id=1863949"]
[Date "2025.10.7"]
[Round "1"]
[White "alvm"]
[Black "maurice916"]
[Result "1-0"]
[WhiteElo "2202"]
[BlackElo "1726"]

1. d4 d5 2. c4 c6 3. Nc3 Nf6 4. Nf3 a6 5. cxd5 cxd5 6. g3 Nc6 7. Bg2 b5 8. O-O
Bb7 9. Bf4 e6 10. Re1 Be7 11. Rc1 Rc8 12. e4 dxe4 13. Nxe4 O-O 14. h3 Nxe4 15.
Rxe4 Bb4 16. Rxc6 Bxc6 17. d5 Bxd5 18. Rxb4 Bxa2 19. Rd4 Qb6 20. Ng5 a5 21. Qd3
Bc4 22. Qxh7# 1-0

[Event "AUTO-MASTER-3284"]
[Site "http://www.queenalice.com/game.php?id=1864058"]
[Date "2025.10.10"]
[Round "1"]
[White "alvm"]
[Black "chessman"]
[Result "1-0"]
[WhiteElo "2183"]
[BlackElo "1977"]

1. d4 d5 2. c4 c6 3. Nc3 Nf6 4. Nf3 e6 5. cxd5 exd5 6. Bg5 Be7 7. e3 O-O 8. Bd3
Re8 9. O-O Nbd7 10. Re1 Nf8 11. Rc1 Be6 12. a3 a6 13. h3 Qd7 14. Ne5 Qc8 15. Bb1
Rd8 16. Na4 Qc7 17. Bf4 Ng6 18. Nxg6 1-0

[Event "AUTO-OPEN-4593"]
[Site "http://www.queenalice.com/game.php?id=1865129"]
[Date "2025.11.4"]
[Round "2"]
[White "alvm"]
[Black "WoodpusherKid"]
[Result "0-1"]
[WhiteElo "2203"]
[BlackElo "2567"]

1. d4 d5 2. c4 c6 3. Nc3 e6 4. cxd5 exd5 5. Nf3 Bf5 6. Bf4 Nf6 7. e3 Nbd7 8. Be2
Qb6 9. Qd2 Ne4 10. Nxe4 dxe4 11. Ne5 Bb4 0-1

[Event "AUTO-OPEN-4593"]
[Site "http://www.queenalice.com/game.php?id=1865130"]
[Date "2025.11.4"]
[Round "2"]
[White "WoodpusherKid"]
[Black "alvm"]
[Result "1-0"]
[WhiteElo "2593"]
[BlackElo "2202"]

1. c4 Nf6 2. d4 e6 3. Nf3 Bb4+ 4. Bd2 Qe7 5. e3 O-O 6. Bd3 b6 7. a3 Bxd2+ 8.
Qxd2 Bb7 9. Nc3 d6 10. e4 e5 11. O-O Nc6 12. d5 Na5 13. Qc2 Bc8 14. b4 Nb7 15.
Be2 Bg4 16. Nh4 a5 17. Nf5 Bxf5 18. exf5 1-0